Teología y Derecho. Escritos sobre aspectos fundamentales de Derecho Canónico y de las relaciones Iglesia-Estado.

Saved in:
Bibliografiske detaljer
Hovedforfatter: Rouco Varela, Antonio María (autor)
Andre forfattere: Serres López de Guereñú, Roberto (Editor)
Format: Bog
Udgivet: Madrid, España: Ediciones Cristiandad, 2003.
Udgivelse:Primera edición
Serier:Obras Selectas y Homenajes
Fag:
Tags: Tilføj Tag
Ingen Tags, Vær først til at tagge denne postø!

MARC

LEADER 00000nam a22000007a 4500
003 CL-VaPUC
005 20240429112457.0
008 240416t2003 ||||| |||| 00| 0 eng d
999 |c 443510  |d 443508 
020 |a 84-7057-441-8 
040 |c Pontificia Universidad Católica de Valparaíso 
082 7 |2 22  |a 262.9 ROU 2003 
100 |a Rouco Varela, Antonio María  |e autor  |9 888366 
245 |a Teología y Derecho.   |b Escritos sobre aspectos fundamentales de Derecho Canónico y de las relaciones Iglesia-Estado. 
250 |a Primera edición 
260 |a Madrid, España:  |b Ediciones Cristiandad,  |c 2003. 
300 |a 762 páginas. 
490 |a Obras Selectas y Homenajes 
500 |a c.1 Donación Carlos Salinas A. Memo DER N° 16. 09-04-2024 
583 |c 20240416  |k Catalogador Asistente 
650 0 |9 254934  |a Derecho canónico   |v Fundamentos teológicos 
650 0 |9 366152  |a Eclesiología   |v Derecho canónico  
650 0 |9 254995  |a Iglesia y Estado  |z España 
700 |a Serres López de Guereñú, Roberto  |e editor  |9 888367 
942 |2 ddc  |c BK 
952 |0 0  |1 0  |2 ddc  |4 0  |6 262_900000000000000_ROU_2003  |7 0  |8 A  |9 594068  |a BIBDER  |b BIBDER  |d 2024-04-16  |e Donación  |i 5660679  |o 262.9 ROU 2003  |p 5660679  |r 2024-04-16  |t 1  |w 2024-04-16  |y BK  |k DER